000 00628nam a2200217 i 4500
001 142660
003 ES-MaACL
005 20230906200603.0
007 t|
008 071009s1981 sp ||||1| spa d
100 1 _aVian, Boris.
_9114276
245 1 3 _aEl arrancacorazones /
_cBoris Vian ; traducción de Jordi Martí.
250 _a[1ª ed.].
260 _a[Barcelona] :
_bBruguera,
_c[1981]
300 _a255 p. ;
_c19 cm.
490 1 _aNarradores de hoy ;
_v49
700 1 _aMartí, Jordi.
_977187
830 0 _aNarradores de hoy ;
_v49
_9182895
852 _aES-MaACL
_jL-1704
_bR.102060
999 _c142660
_d142660